000 00480nam a2200181Ia 4500
001 8559
005 20260306160618.0
008 260306t2010||||xx |||||||||||||| ||spa||
041 _aESP
082 _a371.11
_bI77
100 _aIsaacs, David,
_eAUT
245 0 _aEl trabajo de los profesores :
_bvirtudes en los educadores, justicia-comprensión-optimismo
260 _c2010
300 _a112 pƔginas:
_c21 cm.
650 _aGEN
654 _aCED
942 _cLIB
_dJUS
_fJUS
_2ddc
_n
999 _c8559
_d8559